LEADER 01038nam0 22002531i 450 001 UON00185346 005 20231205103150.962 010 $a88-324-8471-4 100 $a20030730d1992 |0itac50 ba 101 $aita 102 $aIT 105 $a|||| 1|||| 200 1 $aˆI ‰consorzi$easpetti legali, contabili e fiscali in tema di consorzi, società co nsortili, raggruppamenti temporanei di imprese, Geie$fAdriano Propersi, Giovann a Rossi 210 $aNona edizione 215 $aMilano$cPirola Editore, 1992 - 562 p.$d24 cm 606 $aConsorzi$xSocietà consortili$3UONC034571$2FI 700 1$aPROPERSI$bAdriano$3UONV107572$0106694 701 1$aROSSI$bGiovanna$3UONV107573$0313064 801 $aIT$bSOL$c20250801$gRICA 899 $aSIBA - SISTEMA BIBLIOTECARIO DI ATENEO$2UONSI 912 $aUON00185346 950 $aSIBA - SISTEMA BIBLIOTECARIO DI ATENEO$dSI PRI G 0016 $eSI SC 25279 5 0016 $sBuono 996 $aConsorzi..$941473 997 $aUNIOR LEADER 01623nam2 22003131i 450 001 UON00416576 005 20231205104803.232 100 $a20130121d1983 |0itac50 ba 101 $ager 102 $aDE 105 $a|||| ||||| 200 1 $aWerke. 9.: Enzyklopädie der philosophischen Wissenschaften im Grundrisse (1830). 2.: Die Naturphilosophie. Mit den mändlichen Zusätzen$fGeorg Wilhelm Friedrich Hegel 210 $aFrankfurt am Main$cSuhrkamp$d1983 215 $a538 p.$d18 cm. 410 1$1001UON00416568$12001 $aTheorie Werkausgabe$1210 $aFrankfurt am Main$cSuhrkamp$d19- 461 1$1001UON00416569$12001 $aWerke in zwanzig Bänden$fGeorg Wilhelm Friedrich Hegel$1210 $aFrankfurt am Main$cSuhrkamp$d1983$1215 $av.-$d18 cm.$v9 606 $aFILOSOFIA TEDESCA$xSec. 18.-19.$3UONC072595$2FI 606 $aLetteratura tedesca$xSec. 18.-19.$3UONC061938$2FI 620 $aDE$dFrankfurt am Main$3UONL003175 676 $a100$cFilosofia$v21 676 $a830.6$cLetteratura tedesca. Periodo classico, 1750-1830$v21 700 1$aHegel$bGeorg Wilhelm Friedrich$3UONV115340$0289533 712 $aSuhrkamp$3UONV260759$4650 801 $aIT$bSOL$c20251003$gRICA 899 $aSIBA - SISTEMA BIBLIOTECARIO DI ATENEO$2UONSI 912 $aUON00416576 950 $aSIBA - SISTEMA BIBLIOTECARIO DI ATENEO$dSI TED 22 I HEG 1 i $eSI LO 25461 5 1 i $sBuono 996 $aWerke. 9.: Enzyklopädie der philosophischen Wissenschaften im Grundrisse (1830). 2.: Die Naturphilosophie. Mit den mändlichen Zusätzen$91185172 997 $aUNIOR